[Event "XI Paracin Festival 2018"]
[Site "Paracin"]
[Date "2018.07.10"]
[Round "5"]
[White "Stankovic, Milos"]
[Black "Petrov, Martin"]
[Result "0-1"]
[WhiteElo "2420"]
[BlackElo "2441"]
[Annotator "TA"]
[PlyCount "80"]
[EventDate "2018.07.06"]
[EventType "swiss"]
[EventCountry "SRB"]
[SourceTitle "playchess.com"]
[Source "ChessBase"]
[SourceQuality "1"]

{[%evp 15,80,-3,27,-35,-31,-75,-75,-74,-66,-66,-64,-78,-66,-64,-21,-17,0,0,0,0,-2,-176,-186,-178,-188,-185,-176,-169,-168,-216,-194,-207,-214,-241,-188,-341,-226,-203,-203,-213,-217,-369,-364,-407,-307,-412,-333,-327,-319,-571,-566,-556,-540,-533,-576,-667,-667,-667,-667,-667,-661,-581,-575,-12839,-12839,-29988,-29989]} 1. e4 c5 2. Nc3 g6 3. Nge2 Bg7 4. g3 Nc6 5. Bg2 e6 6. d3 Nge7 7. Be3 Nd4 8. Qd2 O-O {LiveBook: 3 Games. B24: Closed Sicilian: 3 g3 sidelines} (8... Nec6 9. O-O O-O 10. Rae1 d6 11. Nd1 Nxe2+ 12. Rxe2 b6 13. c3 Bb7 14. Bh6 Bxh6 15. Qxh6 Qf6 16. f4 Qg7 17. Qxg7+ Kxg7 {½-½ (31) Salvador,R (2527)-Barbosa,O (2514) Manila 2011}) 9. Nc1 ({Better is} 9. h4 $11) 9... b6 $146 ({Predecessor:} 9... d6 10. O-O Rb8 11. Nd1 Nec6 12. a4 Ne5 13. Bxd4 cxd4 14. Ne2 Nc6 15. c3 Bd7 16. cxd4 Nxd4 17. Nxd4 Bxd4 18. Ne3 {0-1 (35) Mihai,L-Bartha,A (2183) Romania 1999}) 10. Nd1 d5 {Black is better.} 11. c3 Ndc6 12. Bh6 Bxh6 13. Qxh6 Ba6 14. O-O Ne5 15. exd5 Nxd3 16. Nxd3 Bxd3 17. Re1 Nxd5 ({Reject} 17... exd5 $6 18. Qe3 $16) 18. c4 $2 (18. Ne3 $11 {and White has nothing to worry.}) 18... Bxc4 $19 19. Re4 Bd3 20. Rh4 {[%csl Gh4][%cal Rh6h7] [#]} g5 21. Rg4 f6 22. h4 {[%cal Rh4g5]} Bf5 23. Rc4 Qe7 24. b4 Rac8 25. Rac1 $2 (25. bxc5 {might work better.} Rxc5 26. Rxc5 bxc5 27. Rc1) 25... Bd3 26. Rg4 Be2 {[%cal Bd3e2,Be2d1,Bd1a4,Ba4d7][%mdl 32]} 27. Re4 {[#]} Bxd1 $1 (27... cxb4 28. Rxc8 Rxc8 29. Rxe2 $16) 28. hxg5 $2 (28. Re1 {was forced.}) 28... Ba4 29. Rce1 Nc7 30. g6 Qg7 31. gxh7+ Kh8 ({Inferior is} 31... Qxh7 32. Rg4+ Kh8 33. Qe3 $11) 32. Qh3 $2 (32. Qxg7+ {was the only chance.} Kxg7 33. bxc5) 32... f5 33. Rh4 Bd7 34. bxc5 bxc5 35. g4 Nd5 36. gxf5 Rxf5 {aiming for ...Nf4.} 37. Rg4 Rg5 38. Rxg5 Qxg5 39. Rd1 Nf4 40. Qc3+ e5 {Precision: White = 35%, Black = 77%.} 0-1

[Event "XI Paracin Festival 2018"]
[Site "Paracin"]
[Date "2018.07.10"]
[Round "5"]
[White "Abramovic, Bosko"]
[Black "Tugstumur, Yesuntumur"]
[Result "0-1"]
[WhiteElo "2409"]
[BlackElo "2116"]
[Annotator "NA"]
[PlyCount "70"]
[EventDate "2018.07.06"]
[EventType "swiss"]
[EventCountry "SRB"]
[SourceTitle "playchess.com"]
[Source "ChessBase"]
[SourceQuality "1"]
[TimeControl "5400+30"]

1. d4 {[%emt 0:00:06]} Nf6 {[%emt 0:00:00]} 2. g3 {[%emt 0:00:06]} c5 {[%emt 0:00:00]} 3. d5 {[%emt 0:00:06]} b5 {[%emt 0:00:26]} 4. Bg2 {[%emt 0:00:10]} d6 {[%emt 0:00:09]} 5. e4 {[%emt 0:00:10]} g6 {[%emt 0:00:28]} 6. b3 {[%emt 0:00:05]} Bg7 {[%emt 0:00:52]} 7. Bb2 {[%emt 0:00:07]} O-O {[%emt 0:00:44]} 8. Ne2 {[%emt 0:00:05]} a5 {[%emt 0:04:18]} 9. a4 {[%emt 0:03:59]} bxa4 {[%emt 0:01:18]} 10. bxa4 {[%emt 0:01:02]} Nbd7 {[%emt 0:01:32]} 11. Na3 {[%emt 0:07:05]} Nb6 {[%emt 0:01:05]} 12. c4 {[%emt 0:00:33]} Bd7 {[%emt 0:00:24]} 13. Nc3 {[%emt 0:00:10]} Ng4 {[%emt 0:00:43]} 14. Qc2 {[%emt 0:02:36]} Nxa4 {[%emt 0:00:28]} 15. Nxa4 {[%emt 0:00:35]} Bxa4 {[%emt 0:00:06]} 16. Qe2 {[%emt 0:00:32]} Bxb2 {[%emt 0:00:27]} 17. Qxb2 {[%emt 0:00:01]} Qb8 {[%emt 0:00:22]} 18. Nb5 {[%emt 0:00:35]} Ne5 {[%emt 0:00:19]} 19. Qb1 {[%emt 0:00:45]} Bxb5 {[%emt 0:00:46]} 20. cxb5 {[%emt 0:00:05]} c4 {[%emt 0:00:21]} 21. O-O {[%emt 0:01:13]} Qb6 {[%emt 0:00:13]} 22. Rc1 {[%emt 0:00:47]} Rfb8 {[%emt 0:00:08]} 23. Bf1 {[%emt 0:00:11]} Qxb5 {[%emt 0:01:34]} 24. Qxb5 {[%emt 0:00:16]} Rxb5 {[%emt 0:00:06]} 25. Bxc4 {[%emt 0:00:09]} Rb4 {[%emt 0:00:15]} 26. Bf1 {[%emt 0:01:17]} Rxe4 {[%emt 0:00:25]} 27. Rc7 {[%emt 0:00:07]} a4 {[%emt 0:03:06]} 28. f4 {[%emt 0:00:54]} Nf3+ {[%emt 0:00:38]} 29. Kg2 {[%emt 0:00:24]} Nd2 {[%emt 0:00:07]} 30. Bd3 {[%emt 0:01:46]} Rd4 {[%emt 0:00:10]} 31. Ra3 {[%emt 0:00:09]} Rb8 {[%emt 0:00:42]} 32. Kf2 {[%emt 0:00:15]} Rb3 {[%emt 0:00:09]} 33. Rc3 {[%emt 0:01:45]} Rxa3 {[%emt 0:01:13]} 34. Rxa3 {[%emt 0:00:06]} Nb3 {[%emt 0:00:24]} 35. Ke3 {[%emt 0:00:27]} Rb4 {[%emt 0:00:04]} 0-1

[Event "XI Paracin Festival 2018"]
[Site "Paracin"]
[Date "2018.07.10"]
[Round "5"]
[White "Radovanovic, Mihajlo"]
[Black "Perunovic, Milos"]
[Result "1/2-1/2"]
[WhiteElo "2402"]
[BlackElo "2596"]
[Annotator "TA"]
[PlyCount "86"]
[EventDate "2018.07.06"]
[EventType "swiss"]
[EventCountry "SRB"]
[SourceTitle "playchess.com"]
[Source "ChessBase"]
[SourceQuality "1"]

{[%evp 23,86,0,0,-5,0,-5,0,-3,18,0,0,0,0,0,0,0,0,0,0,0,0,-22,-15,-36,-36,-36,-34,-30,-33,-32,0,0,0,-173,-162,-335,-326,-444,-442,-480,-480,-468,-359,-307,-258,-255,0,0,0,-260,-241,-275,-273,-243,-254,-203,-191,-138,-46,-54,-55,-55,-42,-42,-28]} 1. Nf3 c5 2. g3 Nc6 3. Bg2 e5 4. O-O g6 5. c4 Bg7 6. Nc3 Nge7 7. a3 O-O 8. Rb1 a5 9. Ne1 d6 10. Nc2 a4 {A37: Symmetrical English vs ...g6: 4 Bg2 Bg7 5 Nf3} (10... Be6 11. Ne3 Rb8 12. d3 Nd4 13. Ned5 Nxd5 14. cxd5 Bd7 15. a4 b5 16. e3 b4 17. Ne4 Nf5 18. b3 Bc8 19. Nd2 Ba6 20. Qc2 Nh6 21. Bb2 f5 {½-½ (44) Howell,D (2639)-Jones,G (2643) Torquay 2013}) 11. d3 Nd4 12. Ne3 Ra7 {LiveBook: 8 Games. The position is equal.} 13. Re1 Bd7 14. Ned5 Nxd5 15. Bxd5 Kh8 16. e3 Nb3 $146 ({Predecessor:} 16... Ne6 17. b4 b6 18. Nb5 Bxb5 19. cxb5 {½-½ (28) Vypkhaniuk,I (2357)-Wieczorek,O (2469) Krakow 2018}) 17. Nb5 Bxb5 18. cxb5 Qa5 19. Bc4 $1 f5 {[%cal Bf7f5,Bf5f4][%mdl 32]} 20. Re2 Nxc1 21. Qxc1 f4 22. e4 Qd8 23. Be6 h5 24. Qf1 Qe8 25. Qh3 b6 26. Bc4 Rf6 27. g4 g5 28. gxh5 $2 {[#]} (28. f3 $11) 28... f3 $1 $36 {[%cal Rf3e2][%mdl 2048] Black is in control.} 29. Ree1 $2 (29. Rc2 Rf4 30. h6) 29... Bf8 30. Qg4 Rh7 31. h3 ({But not} 31. Qxg5 $2 Rg7) 31... Rxh5 32. Kh2 Rf4 33. Qe6 {[%csl Gc4][%cal Re6g8] [#]} Be7 34. Rg1 Rf6 $2 (34... Rfh4 $19 35. Rg3 Rh6) 35. Qg4 $11 Rf4 $2 {[%mdl 8192]} (35... Rf8 $11 36. Rg3 Rh4) 36. Qe6 $19 Rfh4 {...Rh6 is the strong threat.} 37. Rg3 Rh6 38. Qf7 Qxf7 39. Bxf7 g4 $1 {And now ...Bg5 would win.} 40. Rh1 Rxh3+ (40... Kg7 $17 {[%cal Rh4h3]} 41. Be8 Rxh3+ 42. Rxh3 Rxh3+ 43. Kg1 Rxh1+ 44. Kxh1 Kh6) 41. Rxh3 $15 {Black is slightly better.} Rxh3+ 42. Kg1 Rxh1+ 43. Kxh1 Bh4 {Precision: White = 56%, Black = 74%.} 1/2-1/2

[Event "XI Paracin Festival 2018"]
[Site "Paracin"]
[Date "2018.07.10"]
[Round "5"]
[White "Rahul Srivatshav P"]
[Black "Matovic, Mihajlo Z"]
[Result "1-0"]
[WhiteElo "2397"]
[BlackElo "2256"]
[Annotator "NA"]
[PlyCount "61"]
[EventDate "2018.07.06"]
[EventType "swiss"]
[EventCountry "SRB"]
[SourceTitle "playchess.com"]
[Source "ChessBase"]
[SourceQuality "1"]
[TimeControl "5400+30"]

1. d4 {[%emt 0:00:00]} Nf6 {[%emt 0:00:00]} 2. c4 {[%emt 0:00:00]} e6 {[%emt 0:00:00]} 3. g3 {[%emt 0:00:00]} d5 {[%emt 0:00:00]} 4. Bg2 {[%emt 0:00:00]} Be7 {[%emt 0:00:00]} 5. Nf3 {[%emt 0:00:10]} O-O {[%emt 0:00:00]} 6. Qc2 {[%emt 0:00:05]} Nbd7 {[%emt 0:00:00]} 7. O-O {[%emt 0:00:18]} c6 {[%emt 0:00:00]} 8. Nbd2 {[%emt 0:00:21]} b6 {[%emt 0:00:03]} 9. e4 {[%emt 0:00:09]} Bb7 {[%emt 0:00:04]} 10. e5 {[%emt 0:00:11]} Ne8 {[%emt 0:00:05]} 11. cxd5 {[%emt 0:00:14]} cxd5 {[%emt 0:00:01]} 12. Re1 {[%emt 0:00:12]} Qc7 {[%emt 0:00:05]} 13. Qb3 {[%emt 0:00:05]} Rc8 {[%emt 0:00:03]} 14. Bf1 {[%emt 0:00:08]} Qb8 {[%emt 0:00:40]} 15. Bd3 {[%emt 0:09:57]} Nc7 {[%emt 0:00:08]} 16. Nf1 {[%emt 0:02:59]} a5 {[%emt 0:06:16]} 17. Bg5 {[%emt 0:11:02]} Bxg5 {[%emt 0:02:42]} 18. Nxg5 {[%emt 0:00:13]} h6 {[%emt 0:00:07]} 19. Nh7 {[%emt 0:16:15]} Rfd8 {[%emt 0:01:12]} 20. Bb1 {[%emt 0:00:30]} Ne8 {[%emt 0:26:31]} 21. Qf3 {[%emt 0:00:41]} g6 {[%emt 0:03:19]} 22. h4 {[%emt 0:13:46]} Ng7 {[%emt 0:16:01]} 23. Nf6+ {[%emt 0:05:10]} Nxf6 {[%emt 0:08:52]} 24. exf6 {[%emt 0:00:34]} Nf5 {[%emt 0:00:17]} 25. Bxf5 {[%emt 0:00:12]} exf5 {[%emt 0:00:06]} 26. Re7 {[%emt 0:00:12]} Re8 {[%emt 0:09:26]} 27. Rae1 {[%emt 0:00:45]} Bc6 {[%emt 0:01:23]} 28. h5 {[%emt 0:01:23]} Rxe7 {[%emt 0:01:42]} 29. Rxe7 {[%emt 0:00:50]} Qd6 {[%emt 0:01:47]} 30. hxg6 {[%emt 0:00:13]} fxg6 {[%emt 0:00:21]} 31. Rg7+ {[%emt 0:00:31]} 1-0

[Event "XI Paracin Festival 2018"]
[Site "Paracin"]
[Date "2018.07.10"]
[Round "5"]
[White "Peng, Shunkai"]
[Black "Shyam, Sundar M"]
[Result "1/2-1/2"]
[WhiteElo "2390"]
[BlackElo "2527"]
[Annotator "ChessBase"]
[PlyCount "47"]
[EventDate "2018.07.06"]
[EventType "swiss"]
[EventCountry "SRB"]
[SourceTitle "playchess.com"]
[Source "ChessBase"]
[SourceQuality "1"]
[TimeControl "5400+30"]

1. e4 {[%emt 0:01:43]} c6 {[%emt 0:00:00]} 2. d4 {[%emt 0:02:18]} d5 {[%emt 0:00:00]} 3. Nc3 {[%emt 0:00:17]} dxe4 {[%emt 0:00:00]} 4. Nxe4 {[%emt 0:00:09]} Nf6 {[%emt 0:00:00]} 5. Nxf6+ {[%emt 0:01:03]} exf6 {[%emt 0:00:01]} 6. c3 {[%emt 0:01:35]} Bd6 {[%emt 0:00:07]} 7. Bd3 {[%emt 0:00:22]} O-O {[%emt 0:00:07]} 8. Ne2 {[%emt 0:00:19]} Re8 {[%emt 0:00:19]} 9. Qc2 {[%emt 0:00:48]} h5 {[%emt 0:00:37]} 10. O-O {[%emt 0:07:59]} Qc7 {[%emt 0:01:01]} 11. h3 {[%emt 0:03:48]} Be6 {[%emt 0:16:50]} 12. Bd2 {[%emt 0:04:11]} a5 {[%emt 0:07:41]} 13. Rae1 {[%emt 0:06:20]} Na6 {[%emt 0:03:39]} 14. a3 {[%emt 0:12:54]} b5 {[%emt 0:10:52]} 15. Qc1 {[%emt 0:11:44]} Bc4 {[%emt 0:10:31]} 16. Qc2 {[%emt 0:07:47]} Rab8 {[%emt 0:10:56]} 17. Bc1 {[%emt 0:06:01]} Bd5 {[%emt 0:06:39]} 18. c4 {[%emt 0:06:00]} bxc4 {[%emt 0:00:17]} 19. Bxc4 {[%emt 0:00:09]} Bxc4 {[%emt 0:04:55]} 20. Qxc4 {[%emt 0:00:03]} Qb7 {[%emt 0:00:01]} 21. Bf4 {[%emt 0:05:40]} Red8 {[%emt 0:06:33]} 22. Rc1 {[%emt 0:05:21]} Rbc8 {[%emt 0:03:32]} 23. Rfe1 {[%emt 0:02:12]} Qb6 {[%emt 0:05:34]} 24. Rc2 1/2-1/2

[Event "XI Paracin Festival 2018"]
[Site "Paracin"]
[Date "2018.07.10"]
[Round "5"]
[White "Harvey, Marcus R"]
[Black "Isha Sharma"]
[Result "1-0"]
[WhiteElo "2362"]
[BlackElo "2062"]
[Annotator "NA"]
[PlyCount "117"]
[EventDate "2018.07.06"]
[EventType "swiss"]
[EventCountry "SRB"]
[SourceTitle "playchess.com"]
[Source "ChessBase"]
[SourceQuality "1"]
[TimeControl "5400+30"]

1. Nf3 {[%emt 0:10:04]} g6 {[%emt 0:00:00]} 2. g3 {[%emt 0:01:31]} Bg7 {[%emt 0:00:11]} 3. Bg2 {[%emt 0:00:03]} c5 {[%emt 0:01:36]} 4. O-O {[%emt 0:00:21]} Nc6 {[%emt 0:00:09]} 5. c4 {[%emt 0:00:17]} Nh6 {[%emt 0:00:31]} 6. Nc3 {[%emt 0:00:07]} O-O {[%emt 0:00:12]} 7. a3 {[%emt 0:00:14]} d6 {[%emt 0:00:33]} 8. Rb1 {[%emt 0:00:23]} Be6 {[%emt 0:04:38]} 9. d3 {[%emt 0:04:24]} Rb8 {[%emt 0:05:44]} 10. Bf4 {[%emt 0:06:04]} Nf5 {[%emt 0:04:44]} 11. Qc1 {[%emt 0:06:58]} h6 {[%emt 0:08:24]} 12. e4 {[%emt 0:03:37]} Nfd4 {[%emt 0:11:22]} 13. Bxh6 {[%emt 0:02:39]} Nxf3+ {[%emt 0:00:37]} 14. Bxf3 {[%emt 0:00:05]} Ne5 {[%emt 0:00:20]} 15. Be2 {[%emt 0:00:44]} Bh3 {[%emt 0:01:30]} 16. Re1 {[%emt 0:02:30]} Qd7 {[%emt 0:02:23]} 17. Bxg7 {[%emt 0:04:43]} Kxg7 {[%emt 0:00:05]} 18. f4 {[%emt 0:04:19]} Nc6 {[%emt 0:00:21]} 19. Qe3 {[%emt 0:00:52]} Nd4 {[%emt 0:02:16]} 20. Bd1 {[%emt 0:00:23]} Rh8 {[%emt 0:16:43]} 21. Ne2 {[%emt 0:02:19]} e5 {[%emt 0:01:05]} 22. Nxd4 {[%emt 0:00:14]} cxd4 {[%emt 0:00:37]} 23. Qd2 {[%emt 0:01:59]} Rh6 {[%emt 0:00:25]} 24. Re2 {[%emt 0:00:35]} Rf8 {[%emt 0:12:10]} 25. fxe5 {[%emt 0:00:46]} dxe5 {[%emt 0:00:25]} 26. Qa5 {[%emt 0:01:01]} Qe7 {[%emt 0:00:59]} 27. Rf2 {[%emt 0:03:00]} b6 {[%emt 0:02:00]} 28. Qb4 {[%emt 0:00:16]} Qg5 {[%emt 0:00:35]} 29. Qd2 {[%emt 0:00:16]} Qe7 {[%emt 0:00:54]} 30. Bf3 {[%emt 0:00:19]} Rc8 {[%emt 0:04:04]} 31. b4 {[%emt 0:01:39]} Rc7 {[%emt 0:00:31]} 32. Bg2 {[%emt 0:00:28]} Be6 {[%emt 0:00:10]} 33. a4 {[%emt 0:01:24]} Rh8 {[%emt 0:01:47]} 34. Ra1 {[%emt 0:01:01]} Rb8 {[%emt 0:00:41]} 35. h4 {[%emt 0:00:33]} Rcb7 {[%emt 0:03:15]} 36. a5 {[%emt 0:02:03]} bxa5 {[%emt 0:04:09]} 37. b5 {[%emt 0:00:04]} a6 {[%emt 0:10:54]} 38. bxa6 {[%emt 0:00:09]} Ra7 {[%emt 0:00:13]} 39. Qxa5 {[%emt 0:05:18]} Bc8 {[%emt 0:00:13]} 40. Qd5 {[%emt 0:00:15]} Rb6 {[%emt 0:00:50]} 41. Rfa2 {[%emt 0:02:18]} Rbxa6 {[%emt 0:00:16]} 42. Rxa6 {[%emt 0:00:13]} Rxa6 {[%emt 0:00:03]} 43. Rxa6 {[%emt 0:00:13]} Bxa6 {[%emt 0:00:04]} 44. Bh3 {[%emt 0:00:58]} Bb7 {[%emt 0:00:54]} 45. Qd7 {[%emt 0:01:15]} Qb4 {[%emt 0:00:13]} 46. Qb5 {[%emt 0:00:06]} Qxb5 {[%emt 0:02:39]} 47. cxb5 {[%emt 0:00:05]} Kf8 {[%emt 0:00:17]} 48. g4 {[%emt 0:00:21]} Bc8 {[%emt 0:00:26]} 49. b6 {[%emt 0:00:35]} Ke7 {[%emt 0:00:39]} 50. h5 {[%emt 0:00:06]} Bb7 {[%emt 0:00:38]} 51. h6 {[%emt 0:00:21]} Kf8 {[%emt 0:00:13]} 52. g5 {[%emt 0:00:05]} Kg8 {[%emt 0:00:17]} 53. Kf2 {[%emt 0:00:50]} Kh7 {[%emt 0:00:05]} 54. Kg3 {[%emt 0:00:03]} f6 {[%emt 0:00:28]} 55. Be6 {[%emt 0:00:21]} f5 {[%emt 0:01:14]} 56. Bd5 {[%emt 0:00:19]} fxe4 {[%emt 0:00:46]} 57. Bxe4 {[%emt 0:00:15]} Bxe4 {[%emt 0:00:25]} 58. dxe4 {[%emt 0:00:08]} d3 {[%emt 0:00:02]} 59. b7 {[%emt 0:00:26]} 1-0

[Event "XI Paracin Festival 2018"]
[Site "Paracin"]
[Date "2018.07.10"]
[Round "5"]
[White "Tomic, Aleksandar"]
[Black "Lorparizangeneh, Shahin"]
[Result "0-1"]
[WhiteElo "2347"]
[BlackElo "2493"]
[Annotator "ChessBase"]
[PlyCount "32"]
[EventDate "2018.07.06"]
[EventType "swiss"]
[EventCountry "SRB"]
[SourceTitle "playchess.com"]
[Source "ChessBase"]
[SourceQuality "1"]
[TimeControl "5400+30"]

1. d4 {[%emt 0:00:00]} Nf6 {[%emt 0:00:36]} 2. Bf4 {[%emt 0:00:01]} c5 {[%emt 0:01:03]} 3. dxc5 {[%emt 0:00:22]} Na6 {[%emt 0:02:50]} 4. Qd4 {[%emt 0:01:02]} Qa5+ {[%emt 0:02:33]} 5. Nc3 {[%emt 0:02:28]} Nxc5 {[%emt 0:09:43]} 6. O-O-O {[%emt 0:29:34]} d6 {[%emt 0:11:34]} 7. e4 {[%emt 0:11:11]} e5 {[%emt 0:25:50]} 8. Bxe5 {[%emt 0:07:19]} dxe5 {[%emt 0:01:16]} 9. Bb5+ {[%emt 0:07:00]} Bd7 {[%emt 0:02:31]} 10. Qxe5+ {[%emt 0:00:46]} Be7 {[%emt 0:00:19]} 11. Rxd7 {[%emt 0:33:32]} Nfxd7 {[%emt 0:01:06]} 12. Qxg7 {[%emt 0:01:49]} O-O-O {[%emt 0:01:38]} 13. Qxf7 {[%emt 0:00:41]} Nxe4 {[%emt 0:07:46]} 14. Qc4+ {[%emt 0:00:37]} Ndc5 {[%emt 0:00:24]} 15. Nge2 {[%emt 0:00:27]} a6 {[%emt 0:01:37]} 16. Qf7 {[%emt 0:00:37]} Nxc3 {[%emt 0:02:19]} 0-1

[Event "XI Paracin Festival 2018"]
[Site "Paracin"]
[Date "2018.07.10"]
[Round "5"]
[White "Raja Rithvik R"]
[Black "Fernandez, Daniel Howard"]
[Result "1-0"]
[WhiteElo "2343"]
[BlackElo "2477"]
[Annotator "ChessBase"]
[PlyCount "75"]
[EventDate "2018.07.06"]
[EventType "swiss"]
[EventCountry "SRB"]
[SourceTitle "playchess.com"]
[Source "ChessBase"]
[SourceQuality "1"]
[TimeControl "5400+30"]

1. Nf3 {[%emt 0:00:00]} g6 {[%emt 0:12:50]} 2. d4 {[%emt 0:00:00]} Bg7 {[%emt 0:00:24]} 3. g3 {[%emt 0:00:13]} d6 {[%emt 0:00:20]} 4. c4 {[%emt 0:00:06]} e5 {[%emt 0:00:53]} 5. Nc3 {[%emt 0:00:53]} f5 {[%emt 0:15:49]} 6. dxe5 {[%emt 0:10:21]} dxe5 {[%emt 0:00:14]} 7. Qxd8+ {[%emt 0:00:06]} Kxd8 {[%emt 0:00:07]} 8. Bg5+ {[%emt 0:00:03]} Ke8 {[%emt 0:00:09]} 9. O-O-O {[%emt 0:00:05]} Na6 {[%emt 0:01:24]} 10. h4 {[%emt 0:10:05]} Be6 {[%emt 0:07:29]} 11. e4 {[%emt 0:14:37]} h6 {[%emt 0:06:11]} 12. Be3 {[%emt 0:09:31]} Ne7 {[%emt 0:00:03]} 13. Nd5 {[%emt 0:08:01]} Rd8 {[%emt 0:05:22]} 14. Bh3 {[%emt 0:03:31]} Rf8 {[%emt 0:08:28]} 15. b3 {[%emt 0:08:09]} b6 {[%emt 0:03:16]} 16. h5 {[%emt 0:07:32]} Bxd5 {[%emt 0:00:24]} 17. exd5 {[%emt 0:00:05]} g5 {[%emt 0:00:56]} 18. Bg2 {[%emt 0:01:31]} f4 {[%emt 0:01:30]} 19. gxf4 {[%emt 0:01:12]} gxf4 {[%emt 0:00:02]} 20. Bd2 {[%emt 0:00:11]} e4 {[%emt 0:00:58]} 21. Nh4 {[%emt 0:00:27]} Nc5 {[%emt 0:00:34]} 22. Bb4 {[%emt 0:02:41]} f3 {[%emt 0:01:21]} 23. Bh3 {[%emt 0:02:12]} Rf4 {[%emt 0:09:19]} 24. Be6 {[%emt 0:03:45]} Nxe6 {[%emt 0:13:01]} 25. Bxe7 {[%emt 0:00:11]} Kxe7 {[%emt 0:00:07]} 26. Ng6+ {[%emt 0:00:04]} Ke8 {[%emt 0:00:07]} 27. dxe6 {[%emt 0:00:11]} Rxd1+ {[%emt 0:01:23]} 28. Rxd1 {[%emt 0:00:04]} Rf6 {[%emt 0:00:43]} 29. e7 {[%emt 0:02:55]} Rd6 {[%emt 0:00:28]} 30. Re1 {[%emt 0:03:40]} Bd4 {[%emt 0:01:45]} 31. Rxe4 {[%emt 0:01:25]} Bxf2 {[%emt 0:00:10]} 32. Re5 {[%emt 0:00:03]} Bc5 {[%emt 0:04:51]} 33. Rf5 {[%emt 0:01:22]} Re6 {[%emt 0:00:50]} 34. Rf8+ {[%emt 0:01:20]} Kd7 {[%emt 0:00:01]} 35. Rd8+ {[%emt 0:01:30]} Kc6 {[%emt 0:00:02]} 36. e8=Q+ {[%emt 0:00:06]} Rxe8 {[%emt 0:00:05]} 37. Rxe8 {[%emt 0:00:03]} f2 {[%emt 0:00:05]} 38. Re6+ {[%emt 0:00:02]} 1-0

[Event "XI Paracin Festival 2018"]
[Site "Paracin"]
[Date "2018.07.10"]
[Round "5"]
[White "Marjanovic, Annamaria"]
[Black "Mehmed, Elif"]
[Result "1-0"]
[WhiteElo "2325"]
[BlackElo "1973"]
[Annotator "NA"]
[PlyCount "47"]
[EventDate "2018.07.06"]
[EventType "swiss"]
[EventCountry "SRB"]
[SourceTitle "playchess.com"]
[Source "ChessBase"]
[SourceQuality "1"]
[TimeControl "5400+30"]

1. d4 {[%emt 0:00:00]} Nf6 {[%emt 0:00:00]} 2. c4 {[%emt 0:00:00]} e6 {[%emt 0:00:00]} 3. Nc3 {[%emt 0:00:00]} Bb4 {[%emt 0:00:05]} 4. e3 {[%emt 0:00:31]} O-O {[%emt 0:00:11]} 5. Nge2 {[%emt 0:00:27]} Re8 {[%emt 0:00:21]} 6. a3 {[%emt 0:01:16]} Bf8 {[%emt 0:00:11]} 7. Ng3 {[%emt 0:00:53]} d5 {[%emt 0:00:29]} 8. Be2 {[%emt 0:01:25]} b6 {[%emt 0:19:26]} 9. cxd5 {[%emt 0:01:24]} exd5 {[%emt 0:00:57]} 10. O-O {[%emt 0:00:08]} Bb7 {[%emt 0:02:26]} 11. Bf3 {[%emt 0:01:42]} g6 {[%emt 0:00:58]} 12. b4 {[%emt 0:02:54]} Ne4 {[%emt 0:07:22]} 13. Qc2 {[%emt 0:07:55]} f5 {[%emt 0:03:32]} 14. Be2 {[%emt 0:03:43]} Bg7 {[%emt 0:05:06]} 15. Ngxe4 {[%emt 0:03:20]} fxe4 {[%emt 0:11:58]} 16. f3 {[%emt 0:10:50]} c5 {[%emt 0:32:20]} 17. bxc5 {[%emt 0:10:58]} bxc5 {[%emt 0:00:04]} 18. dxc5 {[%emt 0:02:38]} Qa5 {[%emt 0:02:40]} 19. Rb1 {[%emt 0:05:57]} Bc6 {[%emt 0:05:43]} 20. Nb5 {[%emt 0:04:59]} a6 {[%emt 0:00:18]} 21. Bd2 {[%emt 0:00:41]} Qd8 {[%emt 0:00:04]} 22. Nd6 {[%emt 0:00:21]} Re7 {[%emt 0:00:14]} 23. fxe4 {[%emt 0:01:15]} dxe4 {[%emt 0:00:07]} 24. Bc4+ {[%emt 0:00:43]} 1-0

[Event "XI Paracin Festival 2018"]
[Site "Paracin"]
[Date "2018.07.10"]
[Round "5"]
[White "Kathmale, Sameer"]
[Black "Harsha Bharathakoti"]
[Result "1-0"]
[WhiteElo "2323"]
[BlackElo "2465"]
[Annotator "ChessBase"]
[PlyCount "69"]
[EventDate "2018.07.06"]
[EventType "swiss"]
[EventCountry "SRB"]
[SourceTitle "playchess.com"]
[Source "ChessBase"]
[SourceQuality "1"]
[TimeControl "5400+30"]

1. e4 {[%emt 0:00:00]} e6 {[%emt 0:00:03]} 2. d4 {[%emt 0:00:57]} d5 {[%emt 0:00:08]} 3. Nc3 {[%emt 0:00:01]} Nf6 {[%emt 0:00:08]} 4. e5 {[%emt 0:00:49]} Nfd7 {[%emt 0:00:06]} 5. Nce2 {[%emt 0:00:06]} c5 {[%emt 0:00:18]} 6. c3 {[%emt 0:00:11]} Nc6 {[%emt 0:00:06]} 7. Nf3 {[%emt 0:00:07]} Qa5 {[%emt 0:07:54]} 8. a3 {[%emt 0:00:22]} cxd4 {[%emt 0:00:04]} 9. b4 {[%emt 0:00:33]} Qc7 {[%emt 0:00:40]} 10. cxd4 {[%emt 0:00:34]} b5 {[%emt 0:00:03]} 11. Nf4 {[%emt 0:14:45]} a5 {[%emt 0:01:25]} 12. Bxb5 {[%emt 0:04:46]} axb4 {[%emt 0:11:01]} 13. O-O {[%emt 0:01:36]} Qb6 {[%emt 0:17:31]} 14. Ba4 {[%emt 0:07:37]} Ba6 {[%emt 0:20:32]} 15. Re1 {[%emt 0:00:42]} bxa3 {[%emt 0:02:39]} 16. Nxd5 {[%emt 0:03:26]} exd5 {[%emt 0:05:45]} 17. e6 {[%emt 0:00:23]} Nf6 {[%emt 0:00:28]} 18. exf7+ {[%emt 0:13:33]} Kd8 {[%emt 0:04:40]} 19. Bg5 {[%emt 0:08:12]} Bb4 {[%emt 0:05:54]} 20. Re6 {[%emt 0:15:34]} Bb5 {[%emt 0:03:30]} 21. Bxb5 {[%emt 0:03:46]} Qxb5 {[%emt 0:00:04]} 22. Ne5 {[%emt 0:01:39]} Ne7 {[%emt 0:08:54]} 23. Qb3 {[%emt 0:04:07]} Qa4 {[%emt 0:03:25]} 24. Qh3 {[%emt 0:03:29]} Rf8 {[%emt 0:04:57]} 25. Bxf6 {[%emt 0:03:18]} gxf6 {[%emt 0:00:02]} 26. Rxf6 {[%emt 0:00:44]} Kc7 {[%emt 0:02:06]} 27. Rc1+ {[%emt 0:02:24]} Kb7 {[%emt 0:00:06]} 28. Rfc6 {[%emt 0:03:31]} Nxc6 {[%emt 0:00:56]} 29. Qd7+ {[%emt 0:00:01]} Kb6 {[%emt 0:00:34]} 30. Rxc6+ {[%emt 0:00:25]} Qxc6 {[%emt 0:00:27]} 31. Qxc6+ {[%emt 0:00:07]} Ka5 {[%emt 0:00:04]} 32. Qxd5+ {[%emt 0:00:58]} Ka4 {[%emt 0:00:41]} 33. Qc6+ {[%emt 0:00:49]} Kb3 {[%emt 0:00:29]} 34. Qc4+ {[%emt 0:00:11]} Ka4 {[%emt 0:00:14]} 35. Nd3 {[%emt 0:00:28]} 1-0